| 000 | nam a22 a 4500 | ||
|---|---|---|---|
| 999 |
_c402810 _d402810 |
||
| 003 | BLK | ||
| 005 | 20210402104614.0 | ||
| 008 | 180409b bul|||||r ||||||| ||bul|| | ||
| 040 | _aBLK | ||
| 041 |
_aFRE _cFRE |
||
| 080 |
_aПолитика. Вж и 341 ; 342 _b32 _z32 |
||
| 100 |
_aJanet, Paul _eпърви автор _9334447 |
||
| 139 | _aJanet, Paul | ||
| 245 | 1 | 0 |
_aLes origines du socialisme contemporain _cPaul Janet |
| 257 | _aFRA | ||
| 260 |
_bGermer Bailliere _c1883 _9219264 _aParis |
||
| 300 |
_a169 p. _c19 cm |
||
| 380 | _a3 | ||
| 490 |
_9204519 _aBibliotheque de philosophie contemporaine |
||
| 490 |
_9435080 _aКолекция Редки и ценни издания |
||
| 650 | 7 |
_9171397 _aСоциализъм - история |
|
| 653 | 7 |
_9196982 _aсоциализъм |
|
| 852 |
_aРф 883 _bРц |
||
| 856 | 4 | _qpdf | |
| 856 | 4 | _qpdf | |
| 942 |
_cKNG _n0 _s1 |
||
| 944 |
_aCR _c2021-03-25 _kNR |
||
| 999 | _d402810 | ||
| 999 | _d402810 | ||